Mulla Hindu law / (Record no. 142851)

MARC details
000 -LEADER
fixed length control field 00688nam a22002177a 4500
005 - DATE AND TIME OF LATEST TRANSACTION
control field 20170726111031.0
010 ## - LCCN (DPL NO)
LC control number ENG-119401
020 ## - INTERNATIONAL STANDARD BOOK NUMBER
Terms of availability 2495.00
International Standard Book Number 9789351438748
035 ## - SYSTEM CONTROL NUMBER
System control number EN-102933
037 ## - SOURCE OF ACQUISITION
Source of stock number/acquisition DBAD/PUB
082 ## - DEWEY DECIMAL CLASSIFICATION NUMBER
Classification number 340.0917645
100 ## - MAIN ENTRY--PERSONAL NAME
Personal name Mulla, Dinshaw Fardunji
245 ## - TITLE STATEMENT
Title Mulla Hindu law /
Statement of responsibility, etc by Dinshaw Fardunji Mulla
250 ## - EDITION STATEMENT
Edition statement 22nd ed Satyajeet A. Desai
260 ## - PUBLICATION, DISTRIBUTION, ETC. (IMPRINT)
Place of publication, distribution, etc Gurgoan
Name of publisher, distributor, etc LexisNexis
Date of publication, distribution, etc 2016
270 ## - ADDRESS
City Gurgoan
Postal code 122002
Address 14th Floor, Building No. 10, Tower-B, DLF Cyber City, Phase-II
300 ## - PHYSICAL DESCRIPTION
Extent ccIxiii,1493p.
Dimensions 25cm(Hb)
500 ## - GENERAL NOTE
General note Includes index
700 ## - ADDED ENTRY--PERSONAL NAME
Personal name Desai, Satyajeet A.
942 ## - ADDED ENTRY ELEMENTS (KOHA)
Source of classification or shelving scheme Dewey Decimal Classification
Item type English Books
Call number suffix MUL
Classification part 340.0917645
Holdings
Withdrawn status Lost status Not for loan Collection code Home library Current library Date acquired Source of acquisition Cost, normal purchase price Full call number Barcode Copy number Cost, replacement price Koha item type
    Not For Loan Reference Central Library Central Library 26/07/2017 DBAD/PUB 2495.00 340.0917645 MUL EN-102933 1 2495.00 English Books

© Delhi Public Library
Hit Counter
free hit counter